• 首页
  • 本馆介绍
  • 公告通知
  • 最新文献
  • 馆藏检索
  • 电子资源
  • 读者导购
  • 参考咨询
  • 我的图书馆
  • 登录
  • 详细信息显示
  • 放入我的书架
  • 预约/预借图书
  • 作者相关作品
  • 分类相关作品
  • 丛书相关作品
  • 出版社相关作品

书目信息

  • 表格格式
  • 工作单格式
  • 卡片格式
题名:
园林观果树种
    
 
作者: 李作文 , 刘家祯 主编
分册:  
出版信息: 沈阳   辽宁科学技术出版社  2013.08
页数: 260页
开本: 24cm
丛书名: 园林景观植物丛书
单 册:
中图分类: S686.29
科图分类:
主题词: 观果树木--树种 , 观果树木 , 树种
电子资源:
ISBN: 978-7-5381-8166-1
000 01005oam2 2200301 450
001 012013157500
005 20140528104829.10
010    @a978-7-5381-8166-1@dCNY75.00
100    @a20131016d2013 em y0chiy0110 ea
101 0  @achi
102    @aCN@b210000
105    @aa z 001yy
106    @ar
200 1  @a园林观果树种@9yuan lin guan guo shu zhong@f李作文,刘家祯主编
210    @a沈阳@c辽宁科学技术出版社@d2013.08
215    @a260页@c图@d24cm
225 2  @a园林景观植物丛书
330    @a本书介绍了常见园林观果树种。分为常绿树和落叶树。常绿树中介绍了50多种常绿树种,落叶树树中介绍了270多种落叶树种。对每种树种的形态、生态、分布、栽培和用途等进行了详细的介绍。
333    @a广大果农朋友,农技工作者
461  0 @12001 @a园林景观植物丛书
606 0  @a观果树木@x树种
606 0  @a观果树木
606 0  @a树种
690    @aS686.29@v5
701  0 @a李作文@9li zuo wen@4主编
701  0 @a刘家祯@9liu jia zhen@4主编
801  0 @aCN@b人天书店@c20131016
905    @b547637-39@dS686.29@e268@f3
    
    园林观果树种/李作文,刘家祯主编.-沈阳:辽宁科学技术出版社,2013.08
    260页:图;24cm.-(园林景观植物丛书)
    使用对象:广大果农朋友,农技工作者
    
    ISBN 978-7-5381-8166-1:CNY75.00
    本书介绍了常见园林观果树种。分为常绿树和落叶树。常绿树中介绍了50多种常绿树种,落叶树树中介绍了270多种落叶树种。对每种树种的形态、生态、分布、栽培和用途等进行了详细的介绍。
●
相关链接 在E读中查询图书 在五车中查询图书 在当当中查询图书 在豆瓣中查询图书


正题名:园林观果树种     索取号:S686.29/268         预约/预借

序号 登录号 条形码 馆藏地/架位号 状态 备注
1 547637   205476377   第二样本阅览室/ [索取号:S686.29/268] 在馆    
2 547638   205476386   密集书库-生命科学系/ [索取号:S686.29/268] 在馆    
3 547639   205476395   第三借阅区/ [索取号:S686.29/268] 在馆    
唐山师范学院图书馆 欢迎您!
大连网信软件有限公司© 版权所有